[Event "Campeonato España Sub 16"]
[Site "Salobreña"]
[Date "2017.07.28"]
[Round "8"]
[White "Plazuelo Pascual, Juan"]
[Black "Cubas Cabrera, Angel Luis"]
[Result "1/2-1/2"]
[Board "5"]
[WhiteClock "1:30"]
[WhiteTitle "FM"]
[WhiteElo "2334"]
[WhiteCountry "ESP"]
[WhiteFideId "32059566"]
[WhiteEloChange "-7"]
[BlackClock "1:30"]
[BlackElo "2029"]
[BlackCountry "ESP"]
[BlackFideId "32046561"]
[BlackEloChange "7"]

1. d4 {[%clk 1:30:00]} d5 {[%clk 1:30:00]} 2. c4 {[%clk 1:31:00]} e6 {[%clk
1:31:00]} 3. Nf3 {[%clk 1:31:00]} Nf6 {[%clk 1:31:00]} 4. e3 {[%clk 1:31:00]} Be7
{[%clk 1:31:00]} 5. b3 {[%clk 1:32:00]} O-O {[%clk 1:31:00]} 6. Bd3 {[%clk
1:32:00]} c5 {[%clk 1:31:00]} 7. O-O {[%clk 1:32:00]} b6 {[%clk 1:29:00]} 8. Bb2
{[%clk 1:32:00]} cxd4 {[%clk 1:29:00]} 9. exd4 {[%clk 1:32:00]} Bb7 {[%clk
1:30:00]} 10. Nbd2 {[%clk 1:32:00]} Nbd7 {[%clk 1:30:00]} 11. Qe2 {[%clk
1:30:00]} Rc8 {[%clk 1:28:00]} 12. Rac1 {[%clk 1:30:00]} Re8 {[%clk 1:27:00]} 13.
Rfd1 {[%clk 1:25:00]} Bf8 {[%clk 1:27:00]} 14. Nf1 {[%clk 1:16:00]} g6 {[%clk
1:22:00]} 15. Ne3 {[%clk 1:10:00]} Bg7 {[%clk 1:20:00]} 16. Bb1 {[%clk 0:59:00]}
Rc7 {[%clk 1:14:00]} 17. Ne5 {[%clk 0:57:00]} Qa8 {[%clk 1:07:00]} 18. f4 {[%clk
0:55:00]} dxc4 {[%clk 0:53:00]} 19. bxc4 {[%clk 0:55:00]} Be4 {[%clk 0:51:00]}
20. Bxe4 {[%clk 0:53:00]} Qxe4 {[%clk 0:48:00]} 21. Qf2 {[%clk 0:47:00]} Qb7
{[%clk 0:40:00]} 22. Rb1 {[%clk 0:41:00]} Qa8 {[%clk 0:35:00]} 23. d5 {[%clk
0:36:00]} Nc5 {[%clk 0:26:00]} 24. d6 {[%clk 0:34:00]} Rb7 {[%clk 0:25:00]} 25.
Qh4 {[%clk 0:33:00]} Nce4 {[%clk 0:15:17]} 26. N3g4 {[%clk 0:27:00]} Nxg4 {[%clk
0:13:35]} 27. Nxg4 {[%clk 0:26:00]} Bxb2 {[%clk 0:11:19]} 28. Rxb2 {[%clk
0:27:00]} Rd7 {[%clk 0:10:22]} 29. Re2 {[%clk 0:23:00]} h5 {[%clk 0:10:45]} 30.
Rxe4 {[%clk 0:19:15]} hxg4 {[%clk 0:11:13]} 31. Red4 {[%clk 0:19:39]} Qc6 {[%clk
0:11:07]} 32. Qxg4 {[%clk 0:19:11]} Red8 {[%clk 0:11:30]} 33. Qg5 {[%clk
0:19:22]} Rxd6 {[%clk 0:08:39]} 34. Qxd8+ {[%clk 0:19:14]} Rxd8 {[%clk 0:09:08]}
35. Rxd8+ {[%clk 0:19:37]} Kg7 {[%clk 0:09:37]} 36. R8d4 {[%clk 0:18:51]} Qa4
{[%clk 0:09:20]} 37. R1d2 {[%clk 0:18:33]} Qa3 {[%clk 0:09:49]} 38. Kf2 {[%clk
0:17:04]} Qc5 {[%clk 0:09:39]} 39. h3 {[%clk 0:16:59]} e5 {[%clk 0:09:48]} 40.
fxe5 {[%clk 0:17:25]} Qxe5 {[%clk 0:10:19]} 41. R2d3 {[%clk 0:13:29]} Qf5+ {[%clk
0:09:56]} 42. Kg1 {[%clk 0:13:35]} Qe5 {[%clk 0:10:20]} 43. Kf2 {[%clk 0:13:30]}
Qf5+ {[%clk 0:10:25]} 44. Ke1 {[%clk 0:12:43]} Qa5+ {[%clk 0:09:34]} 45. Rd2
{[%clk 0:13:09]} Qc3 {[%clk 0:09:39]} 46. Kf2 {[%clk 0:09:47]} Qb4 {[%clk
0:09:32]} 47. Ke3 {[%clk 0:09:44]} Qe7+ {[%clk 0:09:23]} 48. Kd3 {[%clk 0:09:24]}
Qa3+ {[%clk 0:09:39]} 49. Ke2 {[%clk 0:09:49]} Qe7+ {[%clk 0:10:01]} 50. Kd1
{[%clk 0:09:59]} Qb4 {[%clk 0:09:51]} 51. Rf4 {[%clk 0:09:59]} 1/2-1/2

[Event "Campeonato España Sub 16"]
[Site "Salobreña"]
[Date "2017.07.28"]
[Round "8"]
[White "Aguilera Lopez, Alejandro"]
[Black "Marzo Pie, Xavier"]
[Result "1-0"]
[Board "6"]
[WhiteClock "1:30"]
[WhiteElo "2251"]
[WhiteCountry "ESP"]
[WhiteFideId "32093810"]
[WhiteEloChange "4"]
[BlackClock "1:30"]
[BlackElo "1996"]
[BlackCountry "ESP"]
[BlackFideId "32086440"]
[BlackEloChange "-4"]

1. d4 {[%clk 1:30:00]} d6 {[%clk 1:30:00]} 2. Nf3 {[%clk 1:31:00]} Nf6 {[%clk
1:31:00]} 3. Bg5 {[%clk 1:31:00]} Nbd7 {[%clk 1:31:00]} 4. Nbd2 {[%clk 1:31:00]}
h6 {[%clk 1:31:00]} 5. Bh4 {[%clk 1:32:00]} g5 {[%clk 1:32:00]} 6. Bg3 {[%clk
1:32:00]} Nh5 {[%clk 1:32:00]} 7. e3 {[%clk 1:32:00]} Bg7 {[%clk 1:32:00]} 8. Bc4
{[%clk 1:32:00]} e6 {[%clk 1:31:00]} 9. c3 {[%clk 1:33:00]} Qe7 {[%clk 1:27:00]}
10. O-O {[%clk 1:32:00]} O-O {[%clk 1:25:00]} 11. e4 {[%clk 1:32:00]} Nxg3 {[%clk
1:25:00]} 12. hxg3 {[%clk 1:32:00]} b6 {[%clk 1:23:00]} 13. Qc2 {[%clk 1:32:00]}
Bb7 {[%clk 1:23:00]} 14. Rae1 {[%clk 1:30:00]} c5 {[%clk 1:20:00]} 15. d5 {[%clk
1:25:00]} Rae8 {[%clk 1:14:00]} 16. a4 {[%clk 1:23:00]} Qf6 {[%clk 1:07:00]} 17.
Bb5 {[%clk 1:22:00]} Rd8 {[%clk 1:07:00]} 18. Qb3 {[%clk 1:18:00]} Qg6 {[%clk
1:02:00]} 19. a5 {[%clk 1:17:00]} bxa5 {[%clk 0:56:00]} 20. dxe6 {[%clk 1:17:00]}
fxe6 {[%clk 0:56:00]} 21. Bc4 {[%clk 1:17:00]} Nb6 {[%clk 0:43:00]} 22. Bxe6+
{[%clk 1:16:00]} Kh8 {[%clk 0:43:00]} 23. Bf5 {[%clk 1:16:00]} Qf6 {[%clk
0:43:00]} 24. g4 {[%clk 1:16:00]} Ba6 {[%clk 0:43:00]} 25. e5 {[%clk 1:15:00]}
Qe7 {[%clk 0:32:00]} 26. exd6 {[%clk 1:15:00]} Qxd6 {[%clk 0:32:00]} 27. Re6
{[%clk 1:15:00]} Qd5 {[%clk 0:29:00]} 28. Qxd5 {[%clk 1:14:00]} Rxd5 {[%clk
0:30:00]} 29. Rfe1 {[%clk 1:14:00]} Bc8 {[%clk 0:29:00]} 30. Re7 {[%clk 1:11:00]}
Bxf5 {[%clk 0:29:00]} 31. gxf5 {[%clk 1:11:00]} g4 {[%clk 0:29:00]} 32. Nh4
{[%clk 1:10:00]} Rxd2 {[%clk 0:29:00]} 33. Ng6+ {[%clk 1:10:00]} Kg8 {[%clk
0:29:00]} 34. Nxf8 {[%clk 1:10:00]} Bxf8 {[%clk 0:27:00]} 35. Rxa7 {[%clk
1:11:00]} Rxb2 {[%clk 0:27:00]} 36. Re6 {[%clk 1:09:00]} a4 {[%clk 0:24:00]} 37.
Rg6+ {[%clk 1:09:00]} Kh8 {[%clk 0:25:00]} 38. Rf7 {[%clk 1:10:00]} Nd5 {[%clk
0:15:51]} 39. Rxf8+ {[%clk 1:10:00]} Kh7 {[%clk 0:16:16]} 40. Rf7+ {[%clk
1:08:00]} Kh8 {[%clk 0:16:38]} 41. Rd6 {[%clk 1:08:00]} Kg8 {[%clk 0:15:55]} 42.
Ra7 {[%clk 1:08:00]} Nb6 {[%clk 0:15:18]} 43. Rd8# {[%clk 1:08:00]} 1-0

[Event "Campeonato España Sub 16"]
[Site "Salobreña"]
[Date "2017.07.28"]
[Round "8"]
[White "Dominguez Ruiz, Mario"]
[Black "Fernandez Camello, Alejandro"]
[Result "0-1"]
[Board "7"]
[WhiteClock "1:29"]
[WhiteElo "2004"]
[WhiteCountry "ESP"]
[WhiteFideId "32092563"]
[WhiteEloChange "-7"]
[BlackClock "1:30"]
[BlackElo "2097"]
[BlackCountry "ESP"]
[BlackFideId "32038992"]
[BlackEloChange "7"]

1. d4 {[%clk 1:30:00]} Nf6 {[%clk 1:30:00]} 2. Nf3 {[%clk 1:30:00]} e6 {[%clk
1:31:00]} 3. Bg5 {[%clk 1:30:00]} h6 {[%clk 1:31:00]} 4. Bxf6 {[%clk 1:29:00]}
Qxf6 {[%clk 1:32:00]} 5. e3 {[%clk 1:29:00]} d6 {[%clk 1:30:00]} 6. Bd3 {[%clk
1:28:00]} Nd7 {[%clk 1:30:00]} 7. Nbd2 {[%clk 1:26:00]} g6 {[%clk 1:29:00]} 8.
O-O {[%clk 1:25:00]} Bg7 {[%clk 1:30:00]} 9. c3 {[%clk 1:23:00]} O-O {[%clk
1:30:00]} 10. Re1 {[%clk 1:22:00]} Qe7 {[%clk 1:30:00]} 11. Qe2 {[%clk 1:19:00]}
e5 {[%clk 1:30:00]} 12. dxe5 {[%clk 1:14:00]} dxe5 {[%clk 1:29:00]} 13. e4 {[%clk
1:13:00]} Nc5 {[%clk 1:26:00]} 14. Bc4 {[%clk 1:13:00]} c6 {[%clk 1:24:00]} 15.
a4 {[%clk 1:11:00]} a5 {[%clk 1:21:00]} 16. Nb3 {[%clk 1:07:00]} Ne6 {[%clk
1:10:00]} 17. Qe3 {[%clk 1:03:00]} Nf4 {[%clk 1:02:00]} 18. Qc5 {[%clk 0:57:00]}
Qf6 {[%clk 0:57:00]} 19. Rad1 {[%clk 0:57:00]} Nxg2 {[%clk 0:56:00]} 20. Kxg2
{[%clk 0:50:00]} Bh3+ {[%clk 0:57:00]} 21. Kg1 {[%clk 0:50:00]} Qxf3 {[%clk
0:56:00]} 22. Bf1 {[%clk 0:50:00]} Qg4+ {[%clk 0:55:00]} 23. Kh1 {[%clk 0:51:00]}
Bxf1 {[%clk 0:56:00]} 24. Rxf1 {[%clk 0:51:00]} Qxe4+ {[%clk 0:56:00]} 25. Kg1
{[%clk 0:52:00]} Qxa4 {[%clk 0:56:00]} 26. Nc1 {[%clk 0:51:00]} Rfd8 {[%clk
0:56:00]} 27. Rde1 {[%clk 0:51:00]} Qb5 {[%clk 0:54:00]} 28. Qe7 {[%clk 0:51:00]}
Qxb2 {[%clk 0:54:00]} 29. Ne2 {[%clk 0:51:00]} Re8 {[%clk 0:51:00]} 30. Qd7
{[%clk 0:48:00]} a4 {[%clk 0:43:00]} 31. Ng3 {[%clk 0:48:00]} Qxc3 {[%clk
0:43:00]} 32. h4 {[%clk 0:48:00]} Qd4 {[%clk 0:43:00]} 33. Qxb7 {[%clk 0:48:00]}
Qxh4 {[%clk 0:43:00]} 34. Qxc6 {[%clk 0:48:00]} a3 {[%clk 0:43:00]} 35. Ra1
{[%clk 0:48:00]} Qe7 {[%clk 0:41:00]} 36. Rfe1 {[%clk 0:47:00]} Qe6 {[%clk
0:40:00]} 37. Qb5 {[%clk 0:46:00]} e4 {[%clk 0:38:00]} 38. Rxe4 {[%clk 0:45:00]}
Qxe4 {[%clk 0:38:00]} 39. Nxe4 {[%clk 0:45:00]} Bxa1 {[%clk 0:39:00]} 40. Qd5
{[%clk 0:45:00]} Be5 {[%clk 0:38:00]} 41. Qa2 {[%clk 0:42:00]} Reb8 {[%clk
0:37:00]} 42. Qd5 {[%clk 0:43:00]} a2 {[%clk 0:37:00]} 0-1

[Event "Campeonato España Sub 16"]
[Site "Salobreña"]
[Date "2017.07.28"]
[Round "8"]
[White "Masague Artero, Guerau"]
[Black "Garcia Sancho, Josep"]
[Result "1-0"]
[Board "8"]
[WhiteClock "1:30"]
[WhiteElo "1965"]
[WhiteCountry "ESP"]
[WhiteFideId "32098952"]
[WhiteEloChange "14"]
[BlackClock "1:30"]
[BlackElo "2092"]
[BlackCountry "ESP"]
[BlackFideId "32010168"]
[BlackEloChange "-14"]

1. d4 {[%clk 1:30:00]} Nf6 {[%clk 1:30:00]} 2. c4 {[%clk 1:31:00]} e6 {[%clk
1:31:00]} 3. Nc3 {[%clk 1:31:00]} Bb4 {[%clk 1:31:00]} 4. e3 {[%clk 1:32:00]} b6
{[%clk 1:31:00]} 5. Bd3 {[%clk 1:32:00]} Bb7 {[%clk 1:32:00]} 6. Nf3 {[%clk
1:32:00]} O-O {[%clk 1:32:00]} 7. O-O {[%clk 1:33:00]} Bxc3 {[%clk 1:32:00]} 8.
bxc3 {[%clk 1:33:00]} Be4 {[%clk 1:32:00]} 9. Be2 {[%clk 1:30:00]} d6 {[%clk
1:31:00]} 10. Ne1 {[%clk 1:29:00]} Nbd7 {[%clk 1:31:00]} 11. f3 {[%clk 1:29:00]}
Bb7 {[%clk 1:30:00]} 12. e4 {[%clk 1:27:00]} c5 {[%clk 1:28:00]} 13. d5 {[%clk
1:25:00]} Qe7 {[%clk 1:27:00]} 14. Nc2 {[%clk 1:25:00]} Ne5 {[%clk 1:16:00]} 15.
Ne3 {[%clk 1:24:00]} Ng6 {[%clk 1:16:00]} 16. Rf2 {[%clk 1:17:00]} Rad8 {[%clk
1:09:00]} 17. a4 {[%clk 1:12:00]} Bc8 {[%clk 0:55:00]} 18. Bf1 {[%clk 1:09:00]}
e5 {[%clk 0:51:00]} 19. g3 {[%clk 1:05:00]} Kh8 {[%clk 0:48:00]} 20. Nf5 {[%clk
1:05:00]} Qc7 {[%clk 0:48:00]} 21. Bg5 {[%clk 1:05:00]} Bxf5 {[%clk 0:36:00]} 22.
exf5 {[%clk 1:05:00]} Ne7 {[%clk 0:36:00]} 23. Bd3 {[%clk 1:01:00]} Nfg8 {[%clk
0:28:00]} 24. Qc2 {[%clk 1:00:00]} h6 {[%clk 0:25:00]} 25. Bh4 {[%clk 0:57:00]}
f6 {[%clk 0:26:00]} 26. g4 {[%clk 0:55:00]} Qd7 {[%clk 0:26:00]} 27. f4 {[%clk
0:51:00]} Rde8 {[%clk 0:26:00]} 28. Re1 {[%clk 0:47:00]} Nc8 {[%clk 0:23:00]} 29.
Re4 {[%clk 0:43:00]} Rf7 {[%clk 0:21:00]} 30. Qd1 {[%clk 0:35:00]} Rfe7 {[%clk
0:21:00]} 31. Kg2 {[%clk 0:31:00]} exf4 {[%clk 0:18:31]} 32. Re6 {[%clk 0:32:00]}
g5 {[%clk 0:17:22]} 33. fxg6 {[%clk 0:31:00]} Rxe6 {[%clk 0:17:31]} 34. dxe6
{[%clk 0:29:00]} Qxe6 {[%clk 0:17:50]} 35. Rxf4 {[%clk 0:28:00]} d5 {[%clk
0:16:57]} 36. Qf3 {[%clk 0:26:00]} Qe3 {[%clk 0:15:29]} 37. Rxf6 {[%clk 0:24:00]}
Qd2+ {[%clk 0:13:50]} 38. Bf2 {[%clk 0:23:00]} Qxc3 {[%clk 0:13:10]} 39. g7+
{[%clk 0:23:00]} 1-0

[Event "Campeonato España Sub 16"]
[Site "Salobreña"]
[Date "2017.07.28"]
[Round "8"]
[White "Torcal Miguel, Oscar"]
[Black "Merelo Garcia, Francisco"]
[Result "1/2-1/2"]
[Board "9"]
[WhiteClock "1:29"]
[WhiteElo "2033"]
[WhiteCountry "ESP"]
[WhiteFideId "32025700"]
[WhiteEloChange "-1"]
[BlackClock "1:30"]
[BlackElo "1994"]
[BlackCountry "ESP"]
[BlackFideId "32092539"]
[BlackEloChange "1"]

1. e4 {[%clk 1:30:00]} d6 {[%clk 1:30:00]} 2. d4 {[%clk 1:30:00]} Nf6 {[%clk
1:31:00]} 3. Nc3 {[%clk 1:30:00]} g6 {[%clk 1:31:00]} 4. Be3 {[%clk 1:30:00]} c6
{[%clk 1:31:00]} 5. a4 {[%clk 1:29:00]} Bg7 {[%clk 1:31:00]} 6. h3 {[%clk
1:29:00]} Qa5 {[%clk 1:31:00]} 7. Qd2 {[%clk 1:28:00]} b5 {[%clk 1:31:00]} 8. Bd3
{[%clk 1:25:00]} Nbd7 {[%clk 1:28:00]} 9. Nf3 {[%clk 1:24:00]} O-O {[%clk
1:26:00]} 10. O-O {[%clk 1:20:00]} b4 {[%clk 1:26:00]} 11. Na2 {[%clk 1:18:00]}
Rb8 {[%clk 1:26:00]} 12. Nc1 {[%clk 1:18:00]} Qc7 {[%clk 1:20:00]} 13. Nb3 {[%clk
1:11:00]} Re8 {[%clk 1:16:00]} 14. Rfe1 {[%clk 1:10:00]} c5 {[%clk 1:12:00]} 15.
Qe2 {[%clk 1:08:00]} e5 {[%clk 1:09:00]} 16. dxe5 {[%clk 1:07:00]} dxe5 {[%clk
1:09:00]} 17. Nfd2 {[%clk 1:05:00]} Bb7 {[%clk 1:07:00]} 18. a5 {[%clk 1:02:00]}
Rbc8 {[%clk 1:05:00]} 19. f3 {[%clk 1:01:00]} Nh5 {[%clk 1:03:00]} 20. Bb5 {[%clk
0:59:00]} Bc6 {[%clk 0:59:00]} 21. Ba6 {[%clk 0:58:00]} Bb7 {[%clk 1:00:00]} 22.
Bxb7 {[%clk 0:58:00]} Qxb7 {[%clk 1:00:00]} 23. Nc4 {[%clk 0:57:00]} Bf8 {[%clk
0:58:00]} 24. Red1 {[%clk 0:56:00]} Qc7 {[%clk 0:57:00]} 25. Rd2 {[%clk 0:52:00]}
Rcd8 {[%clk 0:53:00]} 26. Rad1 {[%clk 0:51:00]} Nf4 {[%clk 0:49:00]} 27. Qf2
{[%clk 0:50:00]} Ne6 {[%clk 0:48:00]} 28. Qg3 {[%clk 0:48:00]} f6 {[%clk
0:46:00]} 29. h4 {[%clk 0:46:00]} Kf7 {[%clk 0:38:00]} 30. Qh3 {[%clk 0:43:00]}
Nb8 {[%clk 0:38:00]} 31. h5 {[%clk 0:39:00]} Rxd2 {[%clk 0:30:00]} 32. Rxd2
{[%clk 0:39:00]} Rd8 {[%clk 0:29:00]} 33. Rd5 {[%clk 0:38:00]} Na6 {[%clk
0:27:00]} 34. hxg6+ {[%clk 0:34:00]} hxg6 {[%clk 0:27:00]} 35. Nbd2 {[%clk
0:33:00]} Qc6 {[%clk 0:25:00]} 36. Rxe5 {[%clk 0:32:00]} Bg7 {[%clk 0:25:00]} 37.
Rd5 {[%clk 0:31:00]} Rxd5 {[%clk 0:25:00]} 38. exd5 {[%clk 0:31:00]} Qxd5 {[%clk
0:25:00]} 39. Qg3 {[%clk 0:28:00]} Bf8 {[%clk 0:24:00]} 40. Qf2 {[%clk 0:26:00]}
Nd4 {[%clk 0:23:00]} 41. Bxd4 {[%clk 0:25:00]} cxd4 {[%clk 0:23:00]} 42. Qe2
{[%clk 0:25:00]} Bc5 {[%clk 0:23:00]} 43. Qd3 {[%clk 0:22:00]} Nc7 {[%clk
0:23:00]} 44. Nb3 {[%clk 0:20:00]} Be7 {[%clk 0:21:00]} 45. Kf1 {[%clk 0:20:00]}
Ne6 {[%clk 0:21:00]} 46. Ncd2 {[%clk 0:18:11]} f5 {[%clk 0:21:00]} 47. Qc4 {[%clk
0:15:58]} Qe5 {[%clk 0:21:00]} 48. Qe2 {[%clk 0:14:25]} Qg3 {[%clk 0:20:00]} 49.
Qf2 {[%clk 0:14:01]} Qe5 {[%clk 0:17:34]} 50. Kg1 {[%clk 0:12:26]} Bg5 {[%clk
0:16:21]} 51. Nc4 {[%clk 0:12:08]} Qd5 {[%clk 0:16:28]} 52. Qf1 {[%clk 0:10:56]}
Be3+ {[%clk 0:13:17]} 53. Kh1 {[%clk 0:08:41]} f4 {[%clk 0:13:24]} 54. Nxe3
{[%clk 0:08:41]} fxe3 {[%clk 0:13:20]} 55. Nc1 {[%clk 0:07:16]} Qxa5 {[%clk
0:07:59]} 56. Ne2 {[%clk 0:07:10]} Qb5 {[%clk 0:07:53]} 57. Qd1 {[%clk 0:07:02]}
Qh5+ {[%clk 0:04:35]} 58. Kg1 {[%clk 0:07:31]} Qe5 {[%clk 0:04:56]} 59. Qa1
{[%clk 0:07:21]} a5 {[%clk 0:05:08]} 60. Qa4 {[%clk 0:07:42]} Qc5 {[%clk
0:04:42]} 61. Qb3 {[%clk 0:07:32]} Ke7 {[%clk 0:04:13]} 62. Qd3 {[%clk 0:07:50]}
g5 {[%clk 0:04:20]} 63. Ng3 {[%clk 0:07:47]} a4 {[%clk 0:04:11]} 64. Qh7+ {[%clk
0:08:03]} Kd8 {[%clk 0:03:47]} 65. Qg8+ {[%clk 0:06:41]} Kd7 {[%clk 0:03:18]} 66.
Ne4 {[%clk 0:06:36]} Qe7 {[%clk 0:03:07]} 67. Qa8 {[%clk 0:07:04]} a3 {[%clk
0:03:10]} 68. bxa3 {[%clk 0:07:01]} bxa3 {[%clk 0:03:26]} 69. Kf1 {[%clk
0:06:57]} Nf4 {[%clk 0:03:16]} 70. Qa4+ {[%clk 0:06:29]} Ke6 {[%clk 0:02:52]} 71.
Qxd4 {[%clk 0:05:44]} e2+ {[%clk 0:03:09]} 72. Kf2 {[%clk 0:05:41]} Kf7 {[%clk
0:01:47]} 73. g3 {[%clk 0:05:43]} Ne6 {[%clk 0:01:54]} 74. Qc4 {[%clk 0:05:47]}
Qa7+ {[%clk 0:00:37]} 75. Kxe2 {[%clk 0:06:12]} a2 {[%clk 0:01:07]} 76. Nxg5+
{[%clk 0:06:11]} Kg6 {[%clk 0:00:57]} 77. Qxe6+ {[%clk 0:04:32]} Kxg5 {[%clk
0:01:19]} 78. Qe5+ {[%clk 0:02:17]} Kg6 {[%clk 0:01:41]} 79. Qe6+ {[%clk
0:02:17]} 1/2-1/2

[Event "Campeonato España Sub 16"]
[Site "Salobreña"]
[Date "2017.07.28"]
[Round "8"]
[White "Lianes Garcia, Marcos"]
[Black "Gonzalvez Tamarit, Ruben"]
[Result "1-0"]
[Board "10"]
[WhiteClock "n/a"]
[WhiteTitle "FM"]
[WhiteElo "2352"]
[WhiteCountry "ESP"]
[WhiteFideId "32060777"]
[WhiteEloChange "2"]
[BlackClock "n/a"]
[BlackElo "1954"]
[BlackCountry "ESP"]
[BlackFideId "32041764"]
[BlackEloChange "-2"]

1. e4 {[%clk 1:30:30]} e5 {[%clk 1:30:30]} 2. Nf3 {[%clk 1:30:30]} Nc6 {[%clk
1:30:30]} 3. Bb5 {[%clk 1:30:30]} a6 {[%clk 1:30:30]} 4. Ba4 {[%clk 1:30:30]} Nf6
{[%clk 1:30:30]} 5. d3 {[%clk 1:30:30]} b5 {[%clk 1:30:30]} 6. Bb3 {[%clk
1:30:30]} Be7 {[%clk 1:30:30]} 7. c3 {[%clk 1:30:30]} O-O {[%clk 1:30:30]} 8. O-O
{[%clk 1:30:30]} d5 {[%clk 1:30:30]} 9. exd5 {[%clk 1:30:30]} Nxd5 {[%clk
1:30:30]} 10. Re1 {[%clk 1:30:30]} Bf6 {[%clk 1:30:30]} 11. h3 {[%clk 1:30:30]}
Bb7 {[%clk 1:30:30]} 12. a4 {[%clk 1:30:30]} b4 {[%clk 1:30:30]} 13. a5 {[%clk
1:30:30]} Re8 {[%clk 1:30:30]} 14. Bc4 {[%clk 1:30:30]} Qd7 {[%clk 1:30:30]} 15.
Qc2 {[%clk 1:30:30]} Nf4 {[%clk 1:30:30]} 16. Bxf4 {[%clk 1:30:30]} exf4 {[%clk
1:30:30]} 17. Rxe8+ {[%clk 1:30:30]} Rxe8 {[%clk 1:30:30]} 18. d4 {[%clk
1:30:30]} Ne7 {[%clk 1:30:30]} 19. Nbd2 {[%clk 1:30:30]} Ng6 {[%clk 1:30:30]} 20.
Qd3 {[%clk 1:30:30]} Qd6 {[%clk 1:30:30]} 21. Ra4 {[%clk 1:30:30]} bxc3 {[%clk
1:30:30]} 22. bxc3 {[%clk 1:30:30]} c5 {[%clk 1:30:30]} 23. Ra1 {[%clk 1:30:30]}
cxd4 {[%clk 1:30:30]} 24. cxd4 {[%clk 1:30:30]} Rd8 {[%clk 1:30:30]} 25. Ne4
{[%clk 1:30:30]} Bxe4 {[%clk 1:30:30]} 26. Qxe4 {[%clk 1:30:30]} Bxd4 {[%clk
1:30:30]} 27. Qxd4 {[%clk 1:30:30]} Qxd4 {[%clk 1:30:30]} 28. Nxd4 {[%clk
1:30:30]} Rxd4 {[%clk 1:30:30]} 29. Bxa6 {[%clk 1:30:30]} Rd7 {[%clk 1:30:30]}
30. Bb5 {[%clk 1:30:30]} Ra7 {[%clk 1:30:30]} 31. a6 {[%clk 1:30:30]} Kf8 {[%clk
1:30:30]} 32. Rd1 {[%clk 1:30:30]} Ne5 {[%clk 1:30:30]} 33. g3 {[%clk 1:30:30]}
f3 {[%clk 1:30:30]} 34. g4 {[%clk 1:30:30]} Ke7 {[%clk 1:30:30]} 35. Kh2 {[%clk
1:30:30]} f6 {[%clk 1:30:30]} 36. Kg3 {[%clk 1:30:30]} g6 {[%clk 1:30:30]} 37.
Kf4 {[%clk 1:30:30]} g5+ {[%clk 1:30:30]} 38. Ke4 {[%clk 1:30:30]} Rc7 {[%clk
1:30:30]} 39. Ra1 {[%clk 1:30:30]} Ra7 {[%clk 1:30:30]} 40. Kd5 {[%clk 1:30:30]}
Nd7 {[%clk 1:30:30]} 41. Bxd7 {[%clk 1:30:30]} Kxd7 {[%clk 1:30:30]} 42. Ra3
{[%clk 1:30:30]} h6 {[%clk 1:30:30]} 43. Ra2 {[%clk 1:30:30]} f5 {[%clk 1:30:30]}
44. gxf5 {[%clk 1:30:30]} h5 {[%clk 1:30:30]} 45. f6 {[%clk 1:30:30]} g4 {[%clk
1:30:30]} 46. hxg4 {[%clk 1:30:30]} hxg4 {[%clk 1:30:30]} 47. Ke5 {[%clk
1:30:30]} Ke8 {[%clk 1:30:30]} 48. Kf4 {[%clk 1:30:30]} Kf7 {[%clk 1:30:30]} 49.
Kxg4 {[%clk 1:30:30]} Kxf6 {[%clk 1:30:30]} 50. Kxf3 {[%clk 1:30:30]} Kf5 {[%clk
1:30:30]} 51. Ra5+ {[%clk 1:30:30]} Ke6 {[%clk 1:30:30]} 52. Ke4 {[%clk 1:30:30]}
Kd6 {[%clk 1:30:30]} 53. f4 {[%clk 1:30:30]} Re7+ {[%clk 1:30:30]} 54. Kf5 {[%clk
1:30:30]} Ra7 {[%clk 1:30:30]} 55. Kf6 {[%clk 1:30:30]} Kd7 {[%clk 1:30:30]} 56.
f5 {[%clk 1:30:30]} Kd6 {[%clk 1:30:30]} 57. Ra1 {[%clk 1:30:30]} Kd7 {[%clk
1:30:30]} 58. Ke5 {[%clk 1:30:30]} Kc6 {[%clk 1:30:30]} 59. Ke6 {[%clk 1:30:30]}
Ra8 {[%clk 1:30:30]} 60. a7 {[%clk 1:30:30]} Re8+ {[%clk 1:30:30]} 61. Kf7 {[%clk
1:30:30]} Ra8 {[%clk 1:30:30]} 62. Ke7 {[%clk 1:30:30]} Kc7 {[%clk 1:30:30]} 63.
f6 {[%clk 1:30:30]} 1-0

[Event "Campeonato España Sub 16"]
[Site "Salobreña"]
[Date "2017.07.28"]
[Round "8"]
[White "Perez Perez , Gabriel"]
[Black "Callejas Rojas, Francisco Miguel"]
[Result "1/2-1/2"]
[Board "11"]
[WhiteClock "n/a"]
[WhiteElo "2000"]
[WhiteCountry "ESP"]
[WhiteFideId "32089147"]
[WhiteEloChange "4"]
[BlackClock "n/a"]
[BlackElo "2164"]
[BlackCountry "ESP"]
[BlackFideId "32072503"]
[BlackEloChange "-4"]

1. e4 {[%clk 1:30:30]} e6 {[%clk 1:30:30]} 2. d4 {[%clk 1:30:30]} d5 {[%clk
1:30:30]} 3. Nd2 {[%clk 1:30:30]} Nc6 {[%clk 1:30:30]} 4. Ngf3 {[%clk 1:30:30]}
Nf6 {[%clk 1:30:30]} 5. e5 {[%clk 1:30:30]} Nd7 {[%clk 1:30:30]} 6. Nb3 {[%clk
1:30:30]} f6 {[%clk 1:30:30]} 7. Bb5 {[%clk 1:30:30]} fxe5 {[%clk 1:30:30]} 8.
dxe5 {[%clk 1:30:30]} Be7 {[%clk 1:30:30]} 9. O-O {[%clk 1:30:30]} O-O {[%clk
1:30:30]} 10. Re1 {[%clk 1:30:30]} Qe8 {[%clk 1:30:30]} 11. c4 {[%clk 1:30:30]}
a6 {[%clk 1:30:30]} 12. Bxc6 {[%clk 1:30:30]} bxc6 {[%clk 1:30:30]} 13. Qc2
{[%clk 1:30:30]} Nc5 {[%clk 1:30:30]} 14. Nxc5 {[%clk 1:30:30]} Bxc5 {[%clk
1:30:30]} 15. cxd5 {[%clk 1:30:30]} Bb4 {[%clk 1:30:30]} 16. Re4 {[%clk 1:30:30]}
c5 {[%clk 1:30:30]} 17. Rh4 {[%clk 1:30:30]} h6 {[%clk 1:30:30]} 18. a3 {[%clk
1:30:30]} Ba5 {[%clk 1:30:30]} 19. Bxh6 {[%clk 1:30:30]} gxh6 {[%clk 1:30:30]}
20. Rxh6 {[%clk 1:30:30]} Qf7 {[%clk 1:30:30]} 21. dxe6 {[%clk 1:30:30]} Bxe6
{[%clk 1:30:30]} 22. Ng5 {[%clk 1:30:30]} Qf5 {[%clk 1:30:30]} 23. Rg6+ {[%clk
1:30:30]} Kh8 {[%clk 1:30:30]} 24. Qxf5 {[%clk 1:30:30]} Bxf5 {[%clk 1:30:30]}
25. Rc6 {[%clk 1:30:30]} Bb6 {[%clk 1:30:30]} 26. Re1 {[%clk 1:30:30]} c4 {[%clk
1:30:30]} 27. Nf3 {[%clk 1:30:30]} Bg4 {[%clk 1:30:30]} 28. Rxc4 {[%clk 1:30:30]}
Bxf3 {[%clk 1:30:30]} 29. gxf3 {[%clk 1:30:30]} Rxf3 {[%clk 1:30:30]} 30. Re2
{[%clk 1:30:30]} Rg8+ {[%clk 1:30:30]} 31. Kf1 {[%clk 1:30:30]} Rh3 {[%clk
1:30:30]} 32. e6 {[%clk 1:30:30]} Rxh2 {[%clk 1:30:30]} 33. Ke1 {[%clk 1:30:30]}
Rd8 {[%clk 1:30:30]} 34. Rec2 {[%clk 1:30:30]} Rf8 {[%clk 1:30:30]} 35. Re4
{[%clk 1:30:30]} Bxf2+ {[%clk 1:30:30]} 36. Rxf2 {[%clk 1:30:30]} Rhxf2 {[%clk
1:30:30]} 37. e7 {[%clk 1:30:30]} Rf1+ {[%clk 1:30:30]} 38. Ke2 {[%clk 1:30:30]}
R1f2+ {[%clk 1:30:30]} 39. Ke1 {[%clk 1:30:30]} Rf1+ {[%clk 1:30:30]} 40. Ke2
{[%clk 1:30:30]} 1/2-1/2